000 00493nam a22001457a 4500
005 20180212103930.0
008 180212b xxu||||| |||| 00| 0 eng d
040 _cPK-LaUMT
082 _aPKAC 297.09
_bTAQ-L
100 _aTaqi Amini , Muhammad
245 _aLa mazhabi daur ka tareekhi pas e manzar(لا مزہبی دور کا تاریخی پس منظر)
_cMuhammad Taqi Amini
260 _aکراچی:
_bچوھدری طارق اقبال گاہندری
_c1987
300 _a175
942 _cBK
999 _c102992
_d102992